| 000 | 00922nam a22002537a 4500 | ||
|---|---|---|---|
| 005 | 20090430104229.0 | ||
| 008 | 090430t xxu||||| |||| 00| 0 eng d | ||
| 010 | _aENG-93329 | ||
| 020 |
_a8189886886 _c480.00 |
||
| 020 |
_a9788189886882 _c480.00 |
||
| 035 | _aEN-76862 | ||
| 037 | _bDBAD / PUB | ||
| 040 |
_adpl _bEnglish |
||
| 082 | _a336.3 | ||
| 100 | _aMahendran, T. | ||
| 245 |
_aFiscal management and financial sector reforms / _cby T. Mahendran |
||
| 260 |
_aDelhi _bAbhijeet Publications _c2008 |
||
| 270 |
_a2/46, Tukhmeerpur Extension _bDelhi _e110094 |
||
| 300 |
_aviii, 150p. _c22cm (Hb) |
||
| 500 | _aIncludes bibliographical references | ||
| 650 | _afiscal policy | ||
| 942 |
_2ddc _cEN _mMAH _h336.3 |
||
| 999 |
_c25955 _d25955 |
||